000 01210nam a2200301Ia 4500
999 _c5191
_d5191
003 OSt
005 20200417184118.0
008 191128s2007 ck gr 000 0 spa d
020 _a9789586952651
040 _aCO-JMCR
_cCO-JMCR
041 0 _aspa
082 0 4 _a323.4 /
_bA581m
_223
100 1 _aÁngel Cabo, Natalia,
_eautora
_93177
245 1 0 _aManual de constitución y democracia /
_cNatalia Ángel Cabo, Eduardo Cifuentes Muñoz y Diana Durán Smela [y otros 7]
250 _aSegunda edición
260 _aBogotá :
_bUniversidad de los Andes,
_c2007
300 _a318 páginas ;
_c23 cm.
490 0 _aPrograma Constitución y Democracia
504 _aBibliografía: páginas 289-294
505 0 _gv.1
_tDe los derechos
520 _aEl libro está dirigido al estudiante no abogado, de manera que la aproximación a los distintos derechos parte del reconocimiento de la distancia entre el tratamiento jurídico ordinario de estos temas.
650 1 4 _aDerechos civiles
_93178
650 1 4 _aDerecho humanitario
_93179
650 1 4 _aDerecho constitucional
_93180
700 1 _aCifuentes Muñoz, Eduardo,
_eautor
_93181
700 1 _aDurán Smela, Diana,
_eautor
_93182
942 _2ddc
_cBK